| 000 | 01536cam a2200337 i 4500 | ||
|---|---|---|---|
| 001 | 28138 | ||
| 003 | Mx-PuUPA | ||
| 005 | 20260114122138.0 | ||
| 008 | 140415s2000 mx gr 000 0 spa d | ||
| 020 | _a9701028929 | ||
| 040 |
_aMx-PuUPA _bspa _cMx-PuUPA _dMx-PuUPA _erda |
||
| 041 | 1 |
_aspa _heng |
|
| 100 | 1 |
_aWerther, William B., _917782 _eautor |
|
| 240 | 1 | 0 |
_aHuman resources and personnel management. _lEspañol |
| 245 | 1 | 0 |
_aAdministración de personal y recursos humanos / _cWilliam B. Werther, Keith Davis ; traducción y adaptación, Joaquín Mejía Gómez |
| 250 | _aQuinta edición | ||
| 264 | 1 |
_aMéxico, D.F. : _bMcGraw-Hill Interamericana Editores, _c©2000 |
|
| 300 |
_axxiii, 582 páginas : _bdiagramas, tablas ; _c26 cm |
||
| 336 |
_2rdacontent _atexto _btxt |
||
| 337 |
_2rdamedia _asin medio _bn |
||
| 338 |
_2rdacarrier _avolumen _bnc |
||
| 650 | 7 |
_2armarc _aAdministración de personal |
|
| 650 | 7 |
_2armarc _aRecursos humanos _xPlanificación |
|
| 650 | 7 |
_2armarc _aEmpresas _xAdministración y dirección |
|
| 700 | 1 |
_aMejía Gómez, Joaquín, _etraductor |
|
| 765 | 0 |
_aWerther, William B., _bQuinta edición _tHuman resources and personnel management. _z0070695725 |
|
| 775 | 0 |
_aWerther, William B., _bTercera edición _dMéxico, D.F. : McGraw-Hill/Interamericana de México, ©1991 _hxxi, 395 páginas : ilustraciones ; 24 cm _tAdministración de personal y recursos humanos _w(Mx-PuUPA) 2523 _z9684227922 |
|
| 942 |
_2ddc _cLI _h658.3 _iW4818 |
||
| 999 |
_c28138 _d28138 |
||